[Event "London Classic op U1825 11th"]
[Site "London"]
[Date "2019.11.30"]
[Round "2"]
[White "Laczo, Tibor"]
[Black "Sloan, Cecil"]
[Result "0-1"]
[WhiteElo "1572"]
[BlackElo "1661"]
[PlyCount "64"]
[EventDate "2019.11.29"]
[EventType "swiss"]
[EventRounds "5"]
[EventCountry "ENG"]
[SourceTitle "CBM 195 Extra"]
[Source "ChessBase"]
[SourceDate "2020.05.31"]
[SourceVersion "1"]
[SourceVersionDate "2020.05.31"]
[SourceQuality "1"]

1. e4 d5 2. exd5 Qxd5 3. d4 e5 4. Nc3 Bb4 5. Be3 Bxc3+ 6. bxc3 exd4 7. Qxd4 Qxd4 8. Bxd4 Nf6 9. Nf3 Nc6 10. Bc4 0-0 11. Bxf6 Re8+ 12. Kd2 gxf6 13. Rae1 Be6 14. Bxe6 fxe6 15. c4 Rad8+ 16. Kc3 Kf7 17. Rd1 Ke7 18. Nh4 Rxd1 19. Rxd1 Rd8 20. Rxd8 Nxd8 21. f4 Nc6 22. Nf3 Kd6 23. g4 e5 24. fxe5+ Nxe5 25. Nxe5 Kxe5 26. Kd3 Kf4 27. h3 Kg3 28. Ke4 Kxh3 29. Kf5 Kg3 30. a4 c5 31. a5 a6 32. c3 Kf3 0-1

[Event "London Classic op U1825 11th"]
[Site "London"]
[Date "2019.11.29"]
[Round "1"]
[White "Prince, Alan R"]
[Black "Laczo, Tibor"]
[Result "1-0"]
[WhiteElo "1747"]
[BlackElo "1572"]
[PlyCount "87"]
[EventDate "2019.11.29"]
[EventType "swiss"]
[EventRounds "5"]
[EventCountry "ENG"]
[SourceTitle "CBM 195 Extra"]
[Source "ChessBase"]
[SourceDate "2020.05.31"]
[SourceVersion "1"]
[SourceVersionDate "2020.05.31"]
[SourceQuality "1"]

1. Nf3 Nc6 2. g3 e5 3. d3 Nf6 4. e4 d6 5. Bg2 Be7 6. 0-0 Nb8 7. Nbd2 c5 8. c3 Nc6 9. Re1 0-0 10. Nf1 Rb8 11. Ne3 Be6 12. Ng5 h6 13. Nxe6 fxe6 14. Bh3 Qd7 15. Qb3 Nd8 16. Nd5 Nh7 17. Nxe7+ Qxe7 18. Be3 Rf6 19. d4 Nf7 20. dxc5 dxc5 21. Rad1 Nhg5 22. Bg2 Nf3+ 23. Bxf3 Rxf3 24. Qb5 b6 25. Kg2 Qf6 26. Qe2 Rxe3 27. Qxe3 Rb7 28. Rd2 Ng5 29. h4 Nf7 30. Qf3 Qe7 31. Red1 Kh7 32. Qg4 g5 33. hxg5 Nxg5 34. Rd8 Qg7 35. f4 exf4 36. gxf4 Nxe4 37. Qxg7+ Rxg7+ 38. Kf3 Nf6 39. R1d6 Re7 40. f5 Kg7 41. Rxe6 Rxe6 42. fxe6 h5 43. Rd7+ Kf8 44. Rf7+ 1-0